[Event "Turkish Club Cup 2019"]
[Site "Konya"]
[Date "2019.07.18"]
[Round "5"]
[White "Keskin, Osman Orcun"]
[Black "Taskin, Arda"]
[Result "0-1"]
[WhiteElo "1719"]
[BlackElo "1723"]
[Annotator "NA RC"]
[PlyCount "246"]
[EventDate "2019.07.16"]
[EventType "team-tourn"]
[EventCountry "TUR"]
[SourceTitle "playchess.com"]
[Source "ChessBase"]
[SourceQuality "1"]
[TimeControl "5400+30"]

1. d4 {[%emt 0:00:30]} d5 {[%emt 0:00:30]} 2. Nf3 {[%emt 0:00:00]} Nf6 {[%emt 0:00:30]} 3. c4 {[%emt 0:00:00]} e6 {[%emt 0:00:30]} 4. Nc3 {[%emt 0:00:30]} Be7 {[%emt 0:00:30]} 5. Bg5 {[%emt 0:00:00]} c6 {[%emt 0:00:00]} 6. e3 {[%emt 0:00:00]} Nbd7 {[%emt 0:00:00]} 7. cxd5 {[%emt 0:00:30]} exd5 {[%emt 0:00:00]} 8. Bd3 {[%emt 0:00:00]} O-O {[%emt 0:00:00]} 9. O-O {[%emt 0:00:00]} Re8 {[%emt 0:00:00]} 10. Rb1 {[%emt 0:01:30]} b6 {[%emt 0:01:00]} 11. b4 {[%emt 0:00:30]} Bb7 {[%emt 0:01:30]} 12. Qc2 {[%emt 0:02:30]} h6 {[%emt 0:02:30]} 13. Bh4 {[%emt 0:00:30]} Qc8 {[%emt 0:03:30]} 14. Rfc1 {[%emt 0:01:30]} c5 {[%emt 0:08:30]} 15. bxc5 {[%emt 0:01:30]} bxc5 {[%emt 0:00:30]} 16. dxc5 {[%emt 0:00:30]} Nxc5 {[%emt 0:01:30]} 17. Bf5 {[%emt 0:07:30]} Qd8 {[%emt 0:08:30]} 18. Bxf6 {[%emt 0:01:30]} Bxf6 {[%emt 0:00:30]} 19. Na4 {[%emt 0:01:30]} Nxa4 {[%emt 0:00:00]} 20. Rxb7 {[%emt 0:04:30]} Nb6 {[%emt 0:01:00]} 21. Qc7 {[%emt 0:06:30]} Re7 {[%emt 0:00:30]} 22. Qxd8+ {[%emt 0:00:30]} Rxd8 {[%emt 0:00:30]} 23. Rxe7 {[%emt 0:01:30]} Bxe7 {[%emt 0:00:30]} 24. Rc7 {[%emt 0:00:00]} Bd6 {[%emt 0:00:30]} 25. Rxa7 {[%emt 0:00:00]} g6 {[%emt 0:00:00]} 26. Bd3 {[%emt 0:00:30]} Rc8 {[%emt 0:03:00]} 27. g3 {[%emt 0:00:30]} Nc4 {[%emt 0:07:30]} 28. Ra6 {[%emt 0:03:30]} Be7 {[%emt 0:01:30]} 29. Nd4 {[%emt 0:00:30]} Ne5 {[%emt 0:01:30]} 30. Be2 {[%emt 0:00:30]} Nc4 {[%emt 0:06:30]} 31. Bf3 {[%emt 0:00:30]} Rc5 {[%emt 0:08:30]} 32. Rc6 {[%emt 0:05:30]} Ra5 {[%emt 0:02:30]} 33. Bxd5 {[%emt 0:00:30]} Nxe3 {[%emt 0:01:30]} 34. Rc8+ {[%emt 0:01:30]} Kg7 {[%emt 0:00:30]} 35. Bb3 {[%emt 0:02:30]} Nf5 {[%emt 0:02:30]} 36. Nc6 {[%emt 0:00:30]} Ra6 {[%emt 0:02:30]} 37. Rc7 {[%emt 0:03:30]} Bd6 {[%emt 0:08:30]} 38. Rxf7+ {[%emt 0:01:30]} Kh8 {[%emt 0:00:30]} 39. Nd8 {[%emt 0:01:30]} Nd4 {[%emt 0:02:30]} 40. Rb7 {[%emt 0:04:30]} Bc5 {[%emt 0:03:30]} 41. Nf7+ {[%emt 0:02:30]} Kg7 {[%emt 0:00:30]} 42. Ne5+ {[%emt 0:00:30]} Kh8 {[%emt 0:00:30]} 43. Rb8+ {[%emt 0:00:30]} Kh7 {[%emt 0:02:30]} 44. Bc4 {[%emt 0:06:30]} Ra7 {[%emt 0:05:36]} 45. Rd8 {[%emt 0:07:30]} Re7 {[%emt 0:01:41]} 46. Rd7 {[%emt 0:01:30]} Nf3+ {[%emt 0:00:05]} 47. Kf1 {[%emt 0:02:30]} Nxe5 {[%emt 0:00:14]} 48. Rxe7+ {[%emt 0:00:30]} Bxe7 {[%emt 0:00:07]} 49. Be2 {[%emt 0:00:30]} Kg7 {[%emt 0:00:12]} 50. a4 {[%emt 0:00:00]} Bd8 {[%emt 0:00:27]} 51. f4 {[%emt 0:01:00]} Nd7 {[%emt 0:00:12]} 52. h4 {[%emt 0:00:30]} h5 {[%emt 0:02:17]} 53. Kg2 {[%emt 0:01:30]} Kf6 {[%emt 0:00:13]} 54. Kh3 {[%emt 0:01:30]} Nc5 {[%emt 0:00:29]} 55. g4 {[%emt 0:02:30]} hxg4+ {[%emt 0:00:06]} 56. Bxg4 {[%emt 0:00:30]} Nd3 {[%emt 0:00:18]} 57. Kg3 {[%emt 0:03:30]} Bc7 {[%emt 0:00:17]} 58. Bd7 {[%emt 0:01:30]} Bxf4+ {[%emt 0:02:22]} 59. Kg4 {[%emt 0:01:30]} Bc7 {[%emt 0:01:43]} 60. Be8 {[%emt 0:00:30]} Ne5+ {[%emt 0:00:46]} 61. Kh3 {[%emt 0:01:30]} Kf5 {[%emt 0:00:54]} 62. h5 {[%emt 0:03:01]} g5 {[%emt 0:00:43]} 63. Kg2 {[%emt 0:01:35]} Kf6 {[%emt 0:01:04]} 64. Kh3 {[%emt 0:02:04]} Kf5 {[%emt 0:02:51]} 65. Kg2 {[%emt 0:00:29]} Kf6 {[%emt 0:02:05]} 66. Kh3 {[%emt 0:00:30]} Kg7 {[%emt 0:00:04]} 67. Kg3 {[%emt 0:00:38]} Kh6 {[%emt 0:00:13]} 68. Kh3 {[%emt 0:00:10]} Nd3 {[%emt 0:00:50]} 69. Bf7 {[%emt 0:00:28]} Nc5 {[%emt 0:01:04]} 70. Be8 {[%emt 0:00:15]} Ne4 {[%emt 0:00:13]} 71. Bc6 {[%emt 0:04:15]} Nf6 {[%emt 0:00:06]} 72. Bf3 {[%emt 0:01:21]} Nxh5 {[%emt 0:00:06]} 73. Kg4 {[%emt 0:00:05]} Ng7 {[%emt 0:01:26]} 74. Be4 {[%emt 0:00:41]} Ne8 {[%emt 0:00:52]} 75. Bc2 {[%emt 0:00:32]} Bd8 {[%emt 0:00:47]} 76. Bb1 {[%emt 0:00:39]} Nd6 {[%emt 0:00:39]} 77. Bd3 {[%emt 0:00:50]} Nf7 {[%emt 0:00:42]} 78. Bc2 {[%emt 0:00:47]} Kg7 {[%emt 0:00:52]} 79. Bd1 {[%emt 0:01:29]} Kf6 {[%emt 0:00:32]} 80. Bc2 {[%emt 0:00:52]} Ne5+ {[%emt 0:00:40]} 81. Kg3 {[%emt 0:00:59]} Nc4 {[%emt 0:00:17]} 82. Bd3 {[%emt 0:01:11]} Na5 {[%emt 0:00:08]} 83. Kf3 {[%emt 0:00:51]} Ke5 {[%emt 0:00:05]} 84. Bb5 {[%emt 0:00:36]} Kd5 {[%emt 0:00:11]} 85. Ke3 {[%emt 0:01:01]} Kc5 {[%emt 0:00:05]} 86. Bd7 {[%emt 0:00:16]} Kb4 {[%emt 0:00:13]} 87. Ke4 {[%emt 0:00:45]} Nb7 {[%emt 0:00:30]} 88. Bg4 {[%emt 0:00:41]} Kxa4 {[%emt 0:00:09]} 89. Kd5 {[%emt 0:00:24]} Kb4 {[%emt 0:00:18]} 90. Bh5 {[%emt 0:00:41]} Nc5 {[%emt 0:00:32]} 91. Kd4 {[%emt 0:00:41]} Nd7 {[%emt 0:01:31]} 92. Bg4 {[%emt 0:00:37]} Nf6 {[%emt 0:00:30]} 93. Bf3 {[%emt 0:00:06]} Bc7 {[%emt 0:00:32]} 94. Be2 {[%emt 0:00:12]} g4 {[%emt 0:00:52]} 95. Bxg4 {[%emt 0:00:47]} Nxg4 {[%emt 0:00:01]} 96. Kd5 {[%emt 0:00:20]} Kb5 {[%emt 0:00:29]} 97. Kd4 {[%emt 0:00:14]} Nf6 {[%emt 0:00:12]} 98. Kd3 {[%emt 0:00:12]} Kc5 {[%emt 0:00:08]} 99. Ke3 {[%emt 0:00:09]} Kd5 {[%emt 0:00:14]} 100. Kd3 {[%emt 0:00:07]} Be5 {[%emt 0:00:13]} 101. Ke3 {[%emt 0:00:17]} Bd4+ {[%emt 0:00:20]} 102. Kf4 {[%emt 0:00:04]} Ke6 {[%emt 0:00:13]} 103. Kg5 {[%emt 0:00:28]} Be3+ {[%emt 0:01:31]} 104. Kg6 {[%emt 0:00:09]} Nd7 {[%emt 0:00:40]} 105. Kh5 {[%emt 0:00:19]} Kf5 {[%emt 0:01:00]} 106. Kh4 {[%emt 0:00:05]} Ne5 {[%emt 0:01:32]} 107. Kh5 {[%emt 0:00:21]} Bf2 {[%emt 0:02:01]} 108. Kh6 {[%emt 0:00:09]} Bh4 {[%emt 0:00:52]} 109. Kh5 {[%emt 0:00:23]} Bd8 {[%emt 0:01:56]} 110. Kh6 {[%emt 0:00:06]} Kg4 {[%emt 0:01:05]} 111. Kg7 {[%emt 0:00:12]} Be7 {[%emt 0:00:07]} 112. Kh6 {[%emt 0:00:28]} Kh4 {[%emt 0:00:05]} 113. Kg7 {[%emt 0:00:06]} Kg5 {[%emt 0:00:07]} 114. Kh7 {[%emt 0:00:26]} Ng4 {[%emt 0:00:26]} 115. Kg7 {[%emt 0:00:08]} Nh6 {[%emt 0:00:50]} 116. Kh7 {[%emt 0:00:06]} Bf8 {[%emt 0:00:27]} 117. Kh8 {[%emt 0:00:03]} Kf6 {[%emt 0:00:09]} 118. Kh7 {[%emt 0:00:04]} Nf5 {[%emt 0:01:06]} 119. Kg8 {[%emt 0:01:04]} Bd6 {[%emt 0:01:01]} 120. Kh7 {[%emt 0:00:22]} Kf7 {[%emt 0:00:45]} 121. Kh8 {[%emt 0:00:03]} Bf8 {[%emt 0:00:22]} 122. Kh7 {[%emt 0:00:12]} Ne3 {[%emt 0:00:17]} 123. Kh8 {[%emt 0:00:02]} Ng4 {[%emt 0:00:09]} 0-1

[Event "Turkish Club Cup 2019"]
[Site "Konya"]
[Date "2019.07.18"]
[Round "5"]
[White "Yildiz, Tunahan"]
[Black "Aktas, Oguz Kagan"]
[Result "1-0"]
[WhiteElo "1719"]
[BlackElo "1185"]
[Annotator "NA RC"]
[PlyCount "121"]
[EventDate "2019.07.16"]
[EventType "team-tourn"]
[EventCountry "TUR"]
[SourceTitle "playchess.com"]
[Source "ChessBase"]
[SourceQuality "1"]
[TimeControl "5400+30"]

1. d4 {[%emt 0:00:30]} d6 {[%emt 0:00:30]} 2. Nf3 {[%emt 0:00:00]} Nd7 {[%emt 0:00:30]} 3. e4 {[%emt 0:02:00]} e5 {[%emt 0:00:30]} 4. Bc4 {[%emt 0:01:30]} Be7 {[%emt 0:01:30]} 5. O-O {[%emt 0:00:00]} Ngf6 {[%emt 0:00:30]} 6. Nc3 {[%emt 0:00:00]} exd4 {[%emt 0:02:30]} 7. Nxd4 {[%emt 0:00:30]} Ne5 {[%emt 0:00:30]} 8. Bb3 {[%emt 0:00:30]} O-O {[%emt 0:01:30]} 9. h3 {[%emt 0:01:30]} b6 {[%emt 0:06:30]} 10. f4 {[%emt 0:01:30]} Ng6 {[%emt 0:01:30]} 11. Nc6 {[%emt 0:22:30]} Qe8 {[%emt 0:03:30]} 12. Nxe7+ {[%emt 0:00:30]} Nxe7 {[%emt 0:00:30]} 13. e5 {[%emt 0:01:30]} dxe5 {[%emt 0:08:30]} 14. fxe5 {[%emt 0:00:30]} Nd7 {[%emt 0:00:30]} 15. Rxf7 {[%emt 0:00:30]} Rxf7 {[%emt 0:01:30]} 16. e6 {[%emt 0:00:00]} Ne5 {[%emt 0:04:30]} 17. exf7+ {[%emt 0:02:00]} Nxf7 {[%emt 0:00:30]} 18. Nb5 {[%emt 0:13:30]} Bb7 {[%emt 0:04:30]} 19. Nxc7 {[%emt 0:20:30]} Qc6 {[%emt 0:07:30]} 20. Bxf7+ {[%emt 0:08:30]} Kh8 {[%emt 0:02:30]} 21. Qg4 {[%emt 0:08:44]} Qxc7 {[%emt 0:05:30]} 22. Bf4 {[%emt 0:03:03]} Qc5+ {[%emt 0:02:30]} 23. Kh2 {[%emt 0:02:16]} Rf8 {[%emt 0:03:30]} 24. Bb3 {[%emt 0:02:52]} Ng6 {[%emt 0:02:30]} 25. Bg3 {[%emt 0:03:38]} Ne5 {[%emt 0:10:30]} 26. Qe2 {[%emt 0:00:59]} Re8 {[%emt 0:03:30]} 27. Qf2 {[%emt 0:00:03]} Qxf2 {[%emt 0:06:27]} 28. Bxf2 {[%emt 0:00:30]} Rf8 {[%emt 0:00:30]} 29. Bg3 {[%emt 0:00:30]} Ng6 {[%emt 0:00:30]} 30. Rd1 {[%emt 0:00:30]} Bc6 {[%emt 0:00:30]} 31. Bc7 {[%emt 0:00:30]} h5 {[%emt 0:00:30]} 32. Rd8 {[%emt 0:00:30]} Rxd8 {[%emt 0:00:30]} 33. Bxd8 {[%emt 0:00:30]} Nf4 {[%emt 0:00:30]} 34. g3 {[%emt 0:00:30]} Ne2 {[%emt 0:00:30]} 35. Bf7 {[%emt 0:00:30]} Nd4 {[%emt 0:00:30]} 36. Bxh5 {[%emt 0:00:30]} Nxc2 {[%emt 0:00:30]} 37. Kg1 {[%emt 0:00:30]} Bd7 {[%emt 0:00:30]} 38. Bg4 {[%emt 0:00:30]} Bxg4 {[%emt 0:00:30]} 39. hxg4 {[%emt 0:00:30]} Ne3 {[%emt 0:00:30]} 40. g5 {[%emt 0:02:30]} Nf5 {[%emt 0:06:31]} 41. Bc7 {[%emt 0:00:20]} Kh7 {[%emt 0:00:23]} 42. Kf2 {[%emt 0:00:23]} Kg6 {[%emt 0:01:24]} 43. Bf4 {[%emt 0:00:04]} Ne7 {[%emt 0:00:43]} 44. Ke3 {[%emt 0:00:32]} a5 {[%emt 0:01:03]} 45. Kd4 {[%emt 0:00:16]} Nc6+ {[%emt 0:00:39]} 46. Kc4 {[%emt 0:00:25]} Na7 {[%emt 0:00:27]} 47. Kd5 {[%emt 0:01:00]} b5 {[%emt 0:01:47]} 48. Kc5 {[%emt 0:00:09]} Kf7 {[%emt 0:04:58]} 49. Kb6 {[%emt 0:00:07]} Nc8+ {[%emt 0:00:41]} 50. Kxb5 {[%emt 0:00:08]} Ke6 {[%emt 0:00:11]} 51. Kxa5 {[%emt 0:00:20]} Kd5 {[%emt 0:00:19]} 52. b4 {[%emt 0:00:17]} Kc6 {[%emt 0:00:14]} 53. Ka6 {[%emt 0:00:14]} Ne7 {[%emt 0:01:59]} 54. b5+ {[%emt 0:00:05]} Kd7 {[%emt 0:01:27]} 55. b6 {[%emt 0:00:05]} Nc6 {[%emt 0:01:02]} 56. b7 {[%emt 0:00:05]} Nb4+ {[%emt 0:00:39]} 57. Kb5 {[%emt 0:00:10]} Nc6 {[%emt 0:01:15]} 58. b8=Q {[%emt 0:00:30]} Nxb8 {[%emt 0:00:00]} 59. Bxb8 {[%emt 0:00:13]} Kc8 {[%emt 0:00:11]} 60. Kc6 {[%emt 0:00:00]} Kxb8 {[%emt 0:00:22]} 61. Kd7 {[%emt 0:00:00]} 1-0

[Event "Turkish Club Cup 2019"]
[Site "Konya"]
[Date "2019.07.18"]
[Round "5"]
[White "Yatkin, Osman"]
[Black "Caputcuoglu, Zeki Berke"]
[Result "0-1"]
[WhiteElo "1692"]
[BlackElo "2010"]
[Annotator "NA"]
[PlyCount "92"]
[EventDate "2019.07.16"]
[EventType "team-tourn"]
[EventCountry "TUR"]
[SourceTitle "playchess.com"]
[Source "ChessBase"]
[SourceQuality "1"]
[TimeControl "5400+30"]

1. d4 {[%emt 0:00:30]} Nf6 {[%emt 0:00:30]} 2. Nf3 {[%emt 0:00:30]} g6 {[%emt 0:00:00]} 3. g3 {[%emt 0:01:30]} Bg7 {[%emt 0:00:00]} 4. c4 {[%emt 0:01:30]} O-O {[%emt 0:00:30]} 5. Bg2 {[%emt 0:00:00]} d6 {[%emt 0:00:30]} 6. O-O {[%emt 0:00:00]} c6 {[%emt 0:00:30]} 7. b3 {[%emt 0:01:30]} Qa5 {[%emt 0:01:30]} 8. Bb2 {[%emt 0:05:30]} Qh5 {[%emt 0:00:30]} 9. Nbd2 {[%emt 0:01:30]} Bg4 {[%emt 0:04:30]} 10. Re1 {[%emt 0:01:30]} h6 {[%emt 0:04:30]} 11. Nf1 {[%emt 0:06:30]} Nbd7 {[%emt 0:01:30]} 12. e4 {[%emt 0:00:30]} e5 {[%emt 0:03:30]} 13. Qd3 {[%emt 0:04:30]} exd4 {[%emt 0:02:30]} 14. Bxd4 {[%emt 0:01:30]} Rad8 {[%emt 0:01:30]} 15. Rad1 {[%emt 0:07:30]} Ne8 {[%emt 0:08:30]} 16. Bxg7 {[%emt 0:04:30]} Nxg7 {[%emt 0:00:30]} 17. Rd2 {[%emt 0:03:30]} Ne6 {[%emt 0:02:30]} 18. Qc3 {[%emt 0:04:30]} Ne5 {[%emt 0:02:30]} 19. Nxe5 {[%emt 0:08:30]} dxe5 {[%emt 0:00:30]} 20. f3 {[%emt 0:09:30]} Bh3 {[%emt 0:00:30]} 21. Bxh3 {[%emt 0:02:30]} Qxh3 {[%emt 0:00:00]} 22. Qxe5 {[%emt 0:00:30]} Rxd2 {[%emt 0:11:00]} 23. Nxd2 {[%emt 0:00:00]} Rd8 {[%emt 0:00:30]} 24. Qc3 {[%emt 0:02:00]} h5 {[%emt 0:07:30]} 25. Qe3 {[%emt 0:11:30]} Kg7 {[%emt 0:10:30]} 26. f4 {[%emt 0:04:41]} h4 {[%emt 0:11:30]} 27. Nf1 {[%emt 0:01:33]} hxg3 {[%emt 0:01:30]} 28. hxg3 {[%emt 0:06:24]} Rh8 {[%emt 0:07:30]} 29. Re2 {[%emt 0:07:40]} Qh1+ {[%emt 0:01:45]} 30. Kf2 {[%emt 0:00:30]} c5 {[%emt 0:00:00]} 31. Ke1 {[%emt 0:02:55]} Nd4 {[%emt 0:00:00]} 32. Rf2 {[%emt 0:00:12]} Rd8 {[%emt 0:00:11]} 33. e5 {[%emt 0:00:33]} Qh5 {[%emt 0:00:16]} 34. g4 {[%emt 0:00:48]} Qxg4 {[%emt 0:00:07]} 35. a3 {[%emt 0:00:28]} Nc2+ {[%emt 0:00:10]} 36. Rxc2 {[%emt 0:00:25]} Qd1+ {[%emt 0:00:30]} 37. Kf2 {[%emt 0:00:30]} Qxc2+ {[%emt 0:00:00]} 38. Kg1 {[%emt 0:00:19]} Qd3 {[%emt 0:00:59]} 39. Qxc5 {[%emt 0:00:35]} Qd4+ {[%emt 0:00:30]} 40. Qxd4 {[%emt 0:00:30]} Rxd4 {[%emt 0:00:00]} 41. Ne3 {[%emt 0:00:47]} Rxf4 {[%emt 0:00:00]} 42. Nd5 {[%emt 0:00:08]} Re4 {[%emt 0:00:32]} 43. Kf2 {[%emt 0:00:30]} Rxe5 {[%emt 0:00:00]} 44. Kf3 {[%emt 0:00:26]} Rxd5 {[%emt 0:00:14]} 45. cxd5 {[%emt 0:00:36]} Kf6 {[%emt 0:00:30]} 46. Kf4 {[%emt 0:00:30]} Ke7 {[%emt 0:00:16]} 0-1

[Event "Turkish Club Cup 2019"]
[Site "Konya"]
[Date "2019.07.18"]
[Round "5"]
[White "Uysal, Ugur"]
[Black "Uzgur, Arda"]
[Result "0-1"]
[WhiteElo "1689"]
[BlackElo "1480"]
[Annotator "NA"]
[PlyCount "102"]
[EventDate "2019.07.16"]
[EventType "team-tourn"]
[EventCountry "TUR"]
[SourceTitle "playchess.com"]
[Source "ChessBase"]
[SourceQuality "1"]
[TimeControl "5400+30"]

1. Nf3 {[%emt 0:00:30]} Nf6 {[%emt 0:00:30]} 2. d4 {[%emt 0:00:00]} g6 {[%emt 0:00:30]} 3. c4 {[%emt 0:00:00]} Bg7 {[%emt 0:00:30]} 4. g3 {[%emt 0:00:00]} O-O {[%emt 0:00:00]} 5. Bg2 {[%emt 0:00:00]} d6 {[%emt 0:00:00]} 6. O-O {[%emt 0:00:30]} Nbd7 {[%emt 0:03:30]} 7. Nc3 {[%emt 0:00:30]} c6 {[%emt 0:03:30]} 8. e4 {[%emt 0:00:30]} Qc7 {[%emt 0:04:30]} 9. Re1 {[%emt 0:04:30]} e5 {[%emt 0:01:30]} 10. b3 {[%emt 0:02:30]} Rd8 {[%emt 0:06:30]} 11. Bb2 {[%emt 0:02:30]} Nf8 {[%emt 0:08:30]} 12. h3 {[%emt 0:01:30]} Ne6 {[%emt 0:04:30]} 13. d5 {[%emt 0:00:00]} Nf8 {[%emt 0:04:30]} 14. Ba3 {[%emt 0:04:00]} Ne8 {[%emt 0:05:30]} 15. Qd2 {[%emt 0:05:30]} c5 {[%emt 0:04:30]} 16. Bb2 {[%emt 0:00:30]} f5 {[%emt 0:01:30]} 17. Qe2 {[%emt 0:03:30]} Nf6 {[%emt 0:02:30]} 18. Nd2 {[%emt 0:00:00]} g5 {[%emt 0:04:30]} 19. exf5 {[%emt 0:01:00]} Bxf5 {[%emt 0:00:30]} 20. Nde4 {[%emt 0:00:00]} h6 {[%emt 0:02:30]} 21. Nxf6+ {[%emt 0:00:00]} Bxf6 {[%emt 0:00:30]} 22. Ne4 {[%emt 0:00:00]} Bg7 {[%emt 0:00:30]} 23. Qf3 {[%emt 0:02:00]} Qf7 {[%emt 0:02:30]} 24. Bc3 {[%emt 0:04:30]} Bxe4 {[%emt 0:04:30]} 25. Qxe4 {[%emt 0:00:30]} Nd7 {[%emt 0:00:00]} 26. Rac1 {[%emt 0:05:30]} a6 {[%emt 0:03:00]} 27. Qe2 {[%emt 0:02:30]} b5 {[%emt 0:07:30]} 28. Ba5 {[%emt 0:01:30]} Rf8 {[%emt 0:00:30]} 29. a3 {[%emt 0:01:30]} e4 {[%emt 0:05:36]} 30. Bxe4 {[%emt 0:11:30]} Bd4 {[%emt 0:03:20]} 31. Rf1 {[%emt 0:00:30]} Rae8 {[%emt 0:01:09]} 32. Qc2 {[%emt 0:07:30]} Ne5 {[%emt 0:04:24]} 33. Kg2 {[%emt 0:05:30]} bxc4 {[%emt 0:03:26]} 34. bxc4 {[%emt 0:06:30]} Nxc4 {[%emt 0:01:22]} 35. Qxc4 {[%emt 0:01:30]} Rxe4 {[%emt 0:00:07]} 36. f3 {[%emt 0:01:30]} Re5 {[%emt 0:01:32]} 37. Rcd1 {[%emt 0:00:30]} Rfe8 {[%emt 0:01:21]} 38. Rd2 {[%emt 0:00:30]} Qe7 {[%emt 0:02:08]} 39. Qxa6 {[%emt 0:01:30]} Re2+ {[%emt 0:01:07]} 40. Rxe2 {[%emt 0:00:30]} Qxe2+ {[%emt 0:00:31]} 41. Qxe2 {[%emt 0:00:30]} Rxe2+ {[%emt 0:00:30]} 42. Kh1 {[%emt 0:00:00]} Re5 {[%emt 0:00:03]} 43. f4 {[%emt 0:07:00]} Rxd5 {[%emt 0:01:01]} 44. fxg5 {[%emt 0:04:44]} Rxg5 {[%emt 0:01:24]} 45. Kg2 {[%emt 0:00:43]} Re5 {[%emt 0:00:41]} 46. Bc7 {[%emt 0:06:44]} Re2+ {[%emt 0:01:25]} 47. Kf3 {[%emt 0:00:30]} Re3+ {[%emt 0:00:00]} 48. Kf4 {[%emt 0:01:32]} Re7 {[%emt 0:00:00]} 49. Rd1 {[%emt 0:00:53]} Rxc7 {[%emt 0:00:04]} 50. Ke4 {[%emt 0:00:30]} Be5 {[%emt 0:00:30]} 51. Kd5 {[%emt 0:00:00]} c4 {[%emt 0:01:15]} 0-1

[Event "Turkish Club Cup 2019"]
[Site "Konya"]
[Date "2019.07.18"]
[Round "5"]
[White "Simsek, Meltem"]
[Black "Temel, Burcu Melis"]
[Result "1/2-1/2"]
[WhiteElo "1684"]
[BlackElo "1790"]
[Annotator "NA"]
[PlyCount "84"]
[EventDate "2019.07.16"]
[EventType "team-tourn"]
[EventCountry "TUR"]
[SourceTitle "playchess.com"]
[Source "ChessBase"]
[SourceQuality "1"]
[TimeControl "5400+30"]

1. Nf3 {[%emt 0:00:30]} c5 {[%emt 0:00:30]} 2. c4 {[%emt 0:00:00]} Nc6 {[%emt 0:00:30]} 3. g3 {[%emt 0:00:00]} g6 {[%emt 0:00:00]} 4. Bg2 {[%emt 0:00:30]} Bg7 {[%emt 0:00:00]} 5. O-O {[%emt 0:00:30]} e5 {[%emt 0:00:30]} 6. d3 {[%emt 0:00:00]} Nge7 {[%emt 0:00:30]} 7. Nc3 {[%emt 0:00:00]} O-O {[%emt 0:00:30]} 8. Rb1 {[%emt 0:00:30]} d6 {[%emt 0:00:30]} 9. a3 {[%emt 0:00:00]} a5 {[%emt 0:00:30]} 10. Bd2 {[%emt 0:00:00]} Rb8 {[%emt 0:00:30]} 11. e3 {[%emt 0:09:30]} h6 {[%emt 0:03:30]} 12. Nb5 {[%emt 0:02:30]} Be6 {[%emt 0:01:30]} 13. Qc2 {[%emt 0:01:30]} b6 {[%emt 0:01:30]} 14. Rfd1 {[%emt 0:10:30]} d5 {[%emt 0:03:30]} 15. b4 {[%emt 0:03:30]} axb4 {[%emt 0:37:30]} 16. axb4 {[%emt 0:00:30]} cxb4 {[%emt 0:00:30]} 17. Bxb4 {[%emt 0:00:00]} Nxb4 {[%emt 0:00:00]} 18. Rxb4 {[%emt 0:00:00]} Nc6 {[%emt 0:00:00]} 19. Ra4 {[%emt 0:00:30]} Na5 {[%emt 0:05:30]} 20. cxd5 {[%emt 0:19:30]} Bxd5 {[%emt 0:00:00]} 21. Rb4 {[%emt 0:00:00]} Qe7 {[%emt 0:10:00]} 22. Qb1 {[%emt 0:01:00]} Rfc8 {[%emt 0:04:30]} 23. d4 {[%emt 0:05:30]} Bf8 {[%emt 0:06:30]} 24. Rb2 {[%emt 0:02:30]} Nc4 {[%emt 0:00:30]} 25. Re2 {[%emt 0:01:30]} e4 {[%emt 0:05:23]} 26. Nd2 {[%emt 0:01:30]} f5 {[%emt 0:00:21]} 27. Nxc4 {[%emt 0:08:30]} Bxc4 {[%emt 0:00:07]} 28. Rb2 {[%emt 0:01:30]} Ra8 {[%emt 0:01:11]} 29. Bf1 {[%emt 0:00:30]} Bd5 {[%emt 0:01:03]} 30. Rc1 {[%emt 0:01:30]} Qd7 {[%emt 0:04:21]} 31. Rxc8 {[%emt 0:00:30]} Rxc8 {[%emt 0:00:05]} 32. Rc2 {[%emt 0:01:30]} Rxc2 {[%emt 0:02:48]} 33. Qxc2 {[%emt 0:00:30]} Qc6 {[%emt 0:00:30]} 34. Qxc6 {[%emt 0:00:30]} Bxc6 {[%emt 0:00:30]} 35. Bc4+ {[%emt 0:00:30]} Kg7 {[%emt 0:00:30]} 36. Kf1 {[%emt 0:00:30]} Bb4 {[%emt 0:00:30]} 37. Ke2 {[%emt 0:00:30]} Kf6 {[%emt 0:00:30]} 38. Nc7 {[%emt 0:00:30]} Ke7 {[%emt 0:00:30]} 39. Nd5+ {[%emt 0:00:30]} Bxd5 {[%emt 0:00:30]} 40. Bxd5 {[%emt 0:00:30]} Kf6 {[%emt 0:00:30]} 41. h3 {[%emt 0:00:30]} Kg5 {[%emt 0:00:30]} 42. Bc6 {[%emt 0:00:30]} Ba5 {[%emt 0:04:29]} 1/2-1/2

[Event "Turkish Club Cup 2019"]
[Site "Konya"]
[Date "2019.07.18"]
[Round "5"]
[White "Eraslan, Yagmur"]
[Black "Acar, Selen"]
[Result "1-0"]
[WhiteElo "1651"]
[BlackElo "1283"]
[Annotator "NA"]
[PlyCount "107"]
[EventDate "2019.07.16"]
[EventType "team-tourn"]
[EventCountry "TUR"]
[SourceTitle "playchess.com"]
[Source "ChessBase"]
[SourceQuality "1"]
[TimeControl "5400+30"]

1. e4 {[%emt 0:00:30]} c5 {[%emt 0:00:30]} 2. Nf3 {[%emt 0:00:30]} d6 {[%emt 0:00:30]} 3. Bb5+ {[%emt 0:00:00]} Bd7 {[%emt 0:00:00]} 4. Bxd7+ {[%emt 0:00:00]} Qxd7 {[%emt 0:00:00]} 5. c4 {[%emt 0:00:00]} Nc6 {[%emt 0:02:30]} 6. d4 {[%emt 0:01:00]} cxd4 {[%emt 0:00:30]} 7. Nxd4 {[%emt 0:00:30]} Nf6 {[%emt 0:01:30]} 8. Nc3 {[%emt 0:02:30]} g6 {[%emt 0:01:30]} 9. f3 {[%emt 0:03:30]} Bg7 {[%emt 0:03:30]} 10. Be3 {[%emt 0:01:30]} Qc8 {[%emt 0:07:30]} 11. b3 {[%emt 0:02:30]} Nd7 {[%emt 0:06:30]} 12. O-O {[%emt 0:05:30]} O-O {[%emt 0:02:30]} 13. Rc1 {[%emt 0:04:30]} Nc5 {[%emt 0:03:30]} 14. Nd5 {[%emt 0:03:30]} Qd8 {[%emt 0:16:30]} 15. Nb5 {[%emt 0:09:30]} a6 {[%emt 0:03:30]} 16. Nbc3 {[%emt 0:10:30]} e6 {[%emt 0:09:30]} 17. Nf4 {[%emt 0:03:30]} Be5 {[%emt 0:04:30]} 18. Nd3 {[%emt 0:06:30]} Nxd3 {[%emt 0:05:30]} 19. Qxd3 {[%emt 0:00:30]} Qe7 {[%emt 0:02:30]} 20. f4 {[%emt 0:08:30]} Bg7 {[%emt 0:01:30]} 21. Rfd1 {[%emt 0:03:30]} f5 {[%emt 0:12:12]} 22. Qxd6 {[%emt 0:04:30]} Bxc3 {[%emt 0:04:46]} 23. Qxe7 {[%emt 0:00:30]} Nxe7 {[%emt 0:00:38]} 24. Rxc3 {[%emt 0:00:00]} fxe4 {[%emt 0:01:20]} 25. Rd7 {[%emt 0:00:00]} Nf5 {[%emt 0:01:15]} 26. Rxb7 {[%emt 0:03:30]} Nxe3 {[%emt 0:01:29]} 27. Rxe3 {[%emt 0:00:30]} Rxf4 {[%emt 0:00:00]} 28. g3 {[%emt 0:00:30]} Rg4 {[%emt 0:02:39]} 29. Re7 {[%emt 0:02:30]} Rd8 {[%emt 0:00:58]} 30. Rxe6 {[%emt 0:02:30]} Rd1+ {[%emt 0:00:30]} 31. Kf2 {[%emt 0:00:00]} Rg5 {[%emt 0:03:18]} 32. R6xe4 {[%emt 0:01:00]} Rf5+ {[%emt 0:01:07]} 33. Rf4 {[%emt 0:00:00]} Rxf4+ {[%emt 0:01:22]} 34. gxf4 {[%emt 0:00:00]} Rd4 {[%emt 0:00:00]} 35. Kf3 {[%emt 0:01:30]} Rd2 {[%emt 0:00:00]} 36. Re2 {[%emt 0:00:30]} Rd3+ {[%emt 0:00:14]} 37. Ke4 {[%emt 0:00:00]} Rd7 {[%emt 0:00:24]} 38. c5 {[%emt 0:01:00]} Rb7 {[%emt 0:01:01]} 39. c6 {[%emt 0:01:30]} Re7+ {[%emt 0:01:13]} 40. Kd3 {[%emt 0:00:30]} Rc7 {[%emt 0:00:00]} 41. Rc2 {[%emt 0:00:00]} Kf7 {[%emt 0:00:05]} 42. b4 {[%emt 0:00:00]} Ke6 {[%emt 0:01:37]} 43. a4 {[%emt 0:00:30]} Kd6 {[%emt 0:00:31]} 44. b5 {[%emt 0:01:30]} axb5 {[%emt 0:00:30]} 45. axb5 {[%emt 0:00:00]} h6 {[%emt 0:00:00]} 46. Kc4 {[%emt 0:00:00]} Rf7 {[%emt 0:00:59]} 47. Rd2+ {[%emt 0:00:00]} Kc7 {[%emt 0:00:03]} 48. Rd7+ {[%emt 0:01:00]} Rxd7 {[%emt 0:00:02]} 49. cxd7 {[%emt 0:00:00]} Kxd7 {[%emt 0:00:30]} 50. Kd5 {[%emt 0:00:00]} Kc7 {[%emt 0:00:22]} 51. Ke6 {[%emt 0:00:00]} Kb6 {[%emt 0:00:37]} 52. Kf6 {[%emt 0:00:00]} g5 {[%emt 0:00:09]} 53. fxg5 {[%emt 0:00:30]} hxg5 {[%emt 0:00:00]} 54. Kxg5 {[%emt 0:00:00]} 1-0